000 00566nam a2200181 i 4500
001 81290
003 ES-MaACL
005 20230906174417.0
007 t|
008 041103s1968 sp ||||1| spa d
100 1 _aHuerlimann, Bettina.
_964547
245 1 0 _aTres siglos de literatura infantil europea /
_cBettina Hürlimann ; traducción de Mariano Orta Manzano.
250 _a[1ª ed.].
260 _aBarcelona :
_bJuventud,
_c[1968]
300 _a351 p., 16 lám. ;
_c25 cm.
700 1 _aOrta Manzano, Mariano.
_987384
852 _aES-MaACL
_jC-35776
_bR.69483
999 _c81290
_d81290